| 000 | 00336nam a22001457a 4500 | ||
|---|---|---|---|
| 020 | _a9780769615376 | ||
| 041 | _aeng | ||
| 080 | _a81.1 | ||
| 245 | _aWord Search | ||
| 260 |
_aAshland _bLandolls _c2000 |
||
| 440 | _v57 | ||
| 520 |
_aA collection of word searches. _0Word Search, Puzzles |
||
| 650 | _aEnglish Practice | ||
| 999 |
_c281477 _d281477 |
||
| 942 | _cBK | ||